[Event "Satu Mare ROM, 2nd SPI Open"]
[Site "Satu Mare ROM"]
[Date "2011.07.17"]
[Round "4"]
[White "Dobre, Claudiu Cristian"]
[Black "Bonte, Andrei-Mihai"]
[Result "0-1"]
[WhiteElo "2353"]
[BlackElo "2329"]
[PlyCount "106"]
[EventDate "2011.07.15"]
[EventType "swiss"]
[EventRounds "9"]
[EventCountry "ROM"]

1. e4 c6 2. Nf3 d5 3. exd5 cxd5 4. Ne5 Nc6 5. d4 Nf6 6. c3 e6 7. Bf4 Nxe5 8.
Bxe5 Bd7 9. Bd3 Bc6 10. Nd2 Nd7 11. Nf3 Nxe5 12. Nxe5 Bd6 13. f4 Bxe5 14. fxe5
Qh4+ 15. g3 Qh3 16. Bf1 Qh6 17. Qd2 Qxd2+ 18. Kxd2 Ke7 19. Bd3 f5 20. exf6+
gxf6 21. Rhf1 Be8 22. Rae1 Bg6 23. Be2 Rhf8 24. c4 Rad8 25. c5 b6 26. cxb6 axb6
27. Bg4 Be4 28. Bf3 f5 29. Be2 e5 30. Ke3 Kd6 31. Rc1 Rc8 32. Ba6 Rxc1 33. Rxc1
f4+ 34. gxf4 exf4+ 35. Kf2 Ra8 36. Bb7 Ra7 37. Rc6+ Kd7 38. Rxb6 Kc7 39. Bxd5
Bxd5 40. Rh6 Rxa2 41. Rxh7+ Kc6 42. Rh6+ Kb5 43. Rf6 Rxb2+ 44. Kg1 f3 45. h4
Rg2+ 46. Kf1 Rh2 47. Rf5 Kc4 48. h5 Kxd4 49. Kg1 Rg2+ 50. Kf1 Bc4+ 51. Ke1 Re2+
52. Kd1 Bb3+ 53. Kc1 f2 0-1

[Event "CN Seniori 2011"]
[Site "Sarata Monteoru"]
[Date "2011.02.12"]
[Round "1.19"]
[White "Dobre, Mihai"]
[Black "Dobre, Claudiu Cristian"]
[Result "0-1"]
[WhiteElo "1875"]
[BlackElo "2362"]
[PlyCount "157"]
[EventDate "2011.02.12"]

1. e4 c6 2. d4 d5 3. exd5 cxd5 4. Bd3 Nc6 5. c3 Nf6 6. h3 e5 7. dxe5 Nxe5 8.
Nf3 Nxd3+ 9. Qxd3 Bd6 10. O-O O-O 11. Bg5 h6 12. Bxf6 Qxf6 13. Qxd5 Rd8 14. Qh5
g6 15. Qxh6 Bf4 16. Qh4 g5 17. Qh5 Kg7 18. Nxg5 Qxg5 19. Qxg5+ Bxg5 20. f4 Be7
21. Re1 Bh4 22. Rf1 Be6 23. f5 Bc4 24. Rf4 Rd1+ 25. Kh2 Bd3 26. Rxh4 Bxf5 27.
Rb4 b6 28. Rf4 Rxb1 29. Rxb1 Bxb1 30. a3 Re8 31. Rf2 Re3 32. Rd2 Bd3 33. Kg1
Bc4 34. Kf2 Rd3 35. Re2 Rd1 36. Re4 Rd2+ 37. Ke1 Rxg2 38. Rxc4 Rxb2 39. Rc7 a5
40. Rc6 a4 41. Rc4 b5 42. Rb4 Rc2 43. Rxb5 Rxc3 44. Ra5 Rxa3 45. Kd2 Ra1 46. h4
a3 47. Kc2 f6 48. h5 a2 49. Kb2 Re1 50. Kxa2 Rg1 51. Rf5 Rg5 52. h6+ Kg6 53. h7
Rg2+ 54. Kb3 Rh2 55. Rf1 f5 56. Kc3 Rxh7 57. Rg1+ Kf6 58. Kd4 Rh3 59. Rg2 Rb3
60. Rg8 Ra3 61. Rg1 Ra2 62. Rg8 Re2 63. Kd3 Re7 64. Rf8+ Kg5 65. Rg8+ Kf4 66.
Rg1 Re3+ 67. Kd4 Rg3 68. Re1 Kg4 69. Rf1 f4 70. Ke4 Re3+ 71. Kd4 Re7 72. Rg1+
Kh3 73. Kd3 f3 74. Rg6 f2 75. Rf6 Kg2 76. Rg6+ Kf1 77. Ra6 Rg7 78. Ra1+ Kg2 79.
Ra2 0-1

[Event "CN Seniori 2011"]
[Site "Sarata Monteoru"]
[Date "2011.02.14"]
[Round "3.2"]
[White "Parligras, Mircea Emilian"]
[Black "Dobre, Claudiu Cristian"]
[Result "1/2-1/2"]
[WhiteElo "2594"]
[BlackElo "2362"]
[PlyCount "85"]
[EventDate "2011.02.12"]

1. d4 d5 2. c4 c6 3. Nf3 Nf6 4. e3 Bg4 5. h3 Bxf3 6. Qxf3 e6 7. Nc3 Nbd7 8. Bd3
Bb4 9. O-O O-O 10. Qd1 dxc4 11. Bxc4 e5 12. a3 exd4 13. axb4 dxc3 14. bxc3 a5
15. bxa5 Rxa5 16. Ba3 Re8 17. Qb3 Ne5 18. Rfd1 Qc8 19. Be2 b5 20. Bc5 Rxa1 21.
Rxa1 Qf5 22. Bd4 Ne4 23. f4 Ng3 24. Bxe5 Nxe2+ 25. Kf2 Nc1 26. Rxc1 Rxe5 27.
Rd1 Rd5 28. Rxd5 Qxd5 29. Qxd5 cxd5 30. Ke2 Kf8 31. Kd3 Ke7 32. Kc2 Kd6 33. g4
f6 34. h4 h6 35. h5 Kc6 36. Kb3 Kb6 37. Ka3 Kc5 38. Kb3 Kc6 39. Kb4 Kb6 40. Ka3
Kc5 41. Kb3 Kc6 42. Kb4 Kb6 43. Ka3 1/2-1/2

[Event "CN Seniori 2011"]
[Site "Sarata Monteoru"]
[Date "2011.02.14"]
[Round "4.10"]
[White "Dobre, Claudiu Cristian"]
[Black "Turcu, Iulian"]
[Result "1/2-1/2"]
[WhiteElo "2362"]
[BlackElo "2200"]
[PlyCount "48"]
[EventDate "2011.02.12"]

1. d4 Nf6 2. Nf3 e6 3. Bg5 Be7 4. Nbd2 d5 5. e3 h6 6. Bh4 b6 7. Ne5 Bb7 8. Bb5+
c6 9. Bd3 Nbd7 10. f4 Nxe5 11. fxe5 Nd7 12. Bxe7 Qxe7 13. c3 Qg5 14. Qe2 Qh4+
15. g3 Qe7 16. O-O h5 17. e4 h4 18. exd5 cxd5 19. Nf3 hxg3 20. hxg3 Rh6 21. Kg2
O-O-O 22. Rh1 Rdh8 23. Rxh6 Rxh6 24. Rh1 Rxh1 1/2-1/2

[Event "CN Seniori 2011"]
[Site "Sarata Monteoru"]
[Date "2011.02.15"]
[Round "5.13"]
[White "Ciobanu, Aurelian"]
[Black "Dobre, Claudiu Cristian"]
[Result "1/2-1/2"]
[WhiteElo "2214"]
[BlackElo "2362"]
[PlyCount "41"]
[EventDate "2011.02.12"]

1. e4 c6 2. d4 d5 3. e5 Bf5 4. Ne2 e6 5. Nf4 c5 6. g4 Be4 7. f3 Qh4+ 8. Ke2 Bg6
9. c3 Nc6 10. Be3 Qd8 11. Kf2 Nge7 12. Bb5 Qb6 13. Qb3 c4 14. Bxc6+ bxc6 15.
Qxb6 axb6 16. Nd2 b5 17. b3 Ra3 18. Nb1 Ra5 19. Nd2 Ra3 20. Nb1 Ra5 21. Nd2
1/2-1/2

[Event "CN Seniori 2011"]
[Site "Sarata Monteoru"]
[Date "2011.02.16"]
[Round "6.12"]
[White "Dobre, Claudiu Cristian"]
[Black "Pessi, Emil George"]
[Result "0-1"]
[WhiteElo "2362"]
[BlackElo "2221"]
[PlyCount "68"]
[EventDate "2011.02.12"]

1. e4 e5 2. Nf3 f5 3. exf5 d6 4. d4 e4 5. Ng5 Bxf5 6. f3 e3 7. Bxe3 Qe7 8. Kf2
h6 9. Ne4 Bxe4 10. fxe4 Nf6 11. g3 Qxe4 12. Bh3 Be7 13. Nc3 Qg6 14. Rf1 O-O 15.
Kg1 Nbd7 16. Bf5 Qe8 17. Qd2 Nb6 18. Rae1 Qh5 19. Bxh6 Rae8 20. Bg5 Bd8 21.
Be6+ Kh8 22. Rf5 Ng4 23. Rxf8+ Rxf8 24. Ne4 d5 25. Bxd8 dxe4 26. Bxg4 Qxg4 27.
Bxc7 Nd5 28. Be5 e3 29. Qg2 Rf3 30. h3 Qe4 31. Re2 Kh7 32. Re1 Nb4 33. Qe2 Nxc2
34. Rc1 Nb4 0-1

[Event "CN Seniori 2011"]
[Site "Sarata Monteoru"]
[Date "2011.02.17"]
[Round "7.18"]
[White "Sava, Bogdan"]
[Black "Dobre, Claudiu Cristian"]
[Result "1-0"]
[WhiteElo "2153"]
[BlackElo "2362"]
[PlyCount "71"]
[EventDate "2011.02.12"]

1. c4 c5 2. Nf3 Nc6 3. Nc3 e5 4. g3 g6 5. Bg2 Bg7 6. O-O Nge7 7. a3 O-O 8. Rb1
a5 9. d3 d6 10. Bd2 h6 11. Ne1 Be6 12. Nd5 Bxd5 13. cxd5 Nd4 14. a4 Ndf5 15.
Nc2 Kh7 16. Na3 Ng8 17. Nc4 b6 18. e3 Nfe7 19. Bc3 Rb8 20. f4 exf4 21. Rxf4 Qd7
22. e4 b5 23. axb5 Rxb5 24. Bxa5 f5 25. Bc3 Nf6 26. Ra1 Nh5 27. Rf1 f4 28. g4
f3 29. gxh5 fxg2 30. Rxf8 Bxf8 31. Qf3 Kg8 32. Ra8 Nc8 33. Qf6 Qg4 34. Qh8+ Kf7
35. Qh7+ Ke8 36. Qxg6+ 1-0

[Event "CN Seniori 2011"]
[Site "Sarata Monteoru"]
[Date "2011.02.17"]
[Round "8.32"]
[White "Dobre, Claudiu Cristian"]
[Black "Atomei, Cristian"]
[Result "1-0"]
[WhiteElo "2362"]
[BlackElo "1921"]
[PlyCount "87"]
[EventDate "2011.02.12"]

1. b3 e5 2. Bb2 Nc6 3. e3 Nf6 4. Bb5 d6 5. Ne2 Bd7 6. d4 exd4 7. Nxd4 Nxd4 8.
Bxd7+ Qxd7 9. Qxd4 Be7 10. c4 O-O 11. Nc3 Qg4 12. Nd5 Qd7 13. Rd1 Rfd8 14. O-O
c6 15. Nxe7+ Qxe7 16. Qh4 d5 17. Rd4 Qe5 18. Rfd1 Re8 19. R4d2 Qe4 20. Qg5 h6
21. Qg3 Nh5 22. Qh3 Nf4 23. Qf3 Ne6 24. cxd5 Qxf3 25. gxf3 cxd5 26. Rxd5 Rad8
27. Rxd8 Rxd8 28. Rxd8+ Nxd8 29. f4 f5 30. Kf1 Kf7 31. Ke2 Nc6 32. Bc3 g6 33.
a4 Ke6 34. Kd3 a6 35. Kc4 Ne7 36. Kc5 Nd5 37. Bg7 h5 38. h4 b6+ 39. Kc6 Nb4+
40. Kxb6 Kd5 41. Bf8 Nd3 42. b4 Nxf2 43. a5 Nd1 44. b5 1-0

[Event "CN Seniori 2011"]
[Site "Sarata Monteoru"]
[Date "2011.02.18"]
[Round "9.20"]
[White "Malureanu, Costin George"]
[Black "Dobre, Claudiu Cristian"]
[Result "0-1"]
[WhiteElo "2138"]
[BlackElo "2362"]
[PlyCount "102"]
[EventDate "2011.02.12"]

1. e4 Nc6 2. d4 d5 3. exd5 Qxd5 4. Nf3 Bg4 5. Be2 e6 6. Be3 Nf6 7. O-O a6 8. c4
Qd7 9. Nc3 Bd6 10. a3 O-O 11. b4 Rfd8 12. Qb3 Qe8 13. Rfd1 h6 14. c5 Be7 15. h3
Bf5 16. a4 a5 17. bxa5 Nxa5 18. Qb2 Rdb8 19. Ne5 Nd5 20. Bh5 Bg6 21. Bxg6 fxg6
22. Nxd5 exd5 23. Qa2 Rd8 24. Qb1 Kh7 25. Re1 Bxc5 26. Bd2 Bd6 27. Bxa5 Rxa5
28. Nc4 dxc4 29. Rxe8 Rxe8 30. Qc1 Rea8 31. Qxc4 b5 32. Qc2 bxa4 33. h4 a3 34.
Ra2 h5 35. g3 Rf8 36. Qc3 Ra4 37. Kg2 Rf5 38. Qd3 Rd5 39. Qb3 Rdxd4 40. Re2 Ra8
41. Ra2 Re8 42. Qc3 Rd5 43. Qb3 Rf5 44. Qd3 Ref8 45. Qb3 Bc5 46. f4 Bd6 47. Qa4
Rb8 48. Kh3 Rfb5 49. Rxa3 Bxa3 50. Qxa3 Rb3 51. Qc5 Rf3 0-1

[Event "CN Seniori 2011"]
[Site "Sarata Monteoru"]
[Date "2011.02.19"]
[Round "10.14"]
[White "Dobre, Claudiu Cristian"]
[Black "Stanculescu, Claudiu"]
[Result "1-0"]
[WhiteElo "2362"]
[BlackElo "2232"]
[PlyCount "79"]
[EventDate "2011.02.12"]

1. d4 Nf6 2. c4 g6 3. Nc3 d5 4. Bf4 Bg7 5. Nf3 O-O 6. e3 c5 7. dxc5 Qa5 8. Rc1
Nbd7 9. Qa4 Qxc5 10. Qb5 dxc4 11. Qxc5 Nxc5 12. Bxc4 Bf5 13. Ke2 Rac8 14. Rhd1
Ne6 15. Bb3 Nxf4+ 16. exf4 Nh5 17. g3 Bg4 18. Nd5 Rxc1 19. Rxc1 e5 20. fxe5
Bxe5 21. h3 Bxb2 22. Rc2 Re8+ 23. Ne3 Bxf3+ 24. Kxf3 Be5 25. Ng4 Kf8 26. Ba4
Re7 27. Rc8+ Kg7 28. Nxe5 Rxe5 29. Rc7 b5 30. Bb3 a5 31. Rxf7+ Kh6 32. g4 Ng7
33. h4 a4 34. g5+ Kh5 35. Kg3 Nf5+ 36. Rxf5 axb3 37. Rf7 h6 38. Rh7 Rxg5+ 39.
hxg5 Kxg5 40. f4+ 1-0

[Event "CN Seniori 2011"]
[Site "Sarata Monteoru"]
[Date "2011.02.20"]
[Round "11.11"]
[White "Dobre, Claudiu Cristian"]
[Black "Baciu, Stefan"]
[Result "1/2-1/2"]
[WhiteElo "2362"]
[BlackElo "2236"]
[PlyCount "59"]
[EventDate "2011.02.12"]

1. e4 e5 2. Nf3 Nc6 3. d4 exd4 4. Nxd4 Bc5 5. Nxc6 Qf6 6. Qd2 dxc6 7. Bd3 Be6
8. O-O O-O-O 9. Qg5 Qxg5 10. Bxg5 f6 11. Bf4 Bd4 12. Nc3 Ne7 13. Nd1 Ng6 14.
Be3 Ne5 15. Be2 Bc4 16. Re1 Rhe8 17. f3 Bxe2 18. Rxe2 Nc4 19. Bxd4 Rxd4 20. a4
Red8 21. Re1 Rd2 22. b3 Ne5 23. Ne3 Ng6 24. Rad1 Nf4 25. Kf1 a5 26. Rxd2 Rxd2
27. Rd1 Re2 28. Re1 Rd2 29. Rd1 Re2 30. Re1 1/2-1/2

[Event "2nd SPI Open"]
[Site "?"]
[Date "2011.07.19"]
[Round "?"]
[White "Helmer, Janos"]
[Black "Dobre, Claudiu Cristian"]
[Result "0-1"]
[WhiteElo "2211"]
[BlackElo "2353"]
[PlyCount "120"]
[EventDate "2011.??.??"]

1. Nf3 d5 2. c4 c6 3. b3 dxc4 4. bxc4 e5 5. Bb2 e4 6. Nd4 Nf6 7. g3 Na6 8. Bg2
Bd6 9. Nc2 O-O 10. O-O Nc5 11. Ne3 Re8 12. Qc2 Ng4 13. Nc3 Be5 14. Rab1 Nf6 15.
Ba3 Bd4 16. Bxc5 Bxc5 17. Nxe4 Nxe4 18. Bxe4 g6 19. Rb3 f5 20. Bf3 f4 21. Ng2
fxg3 22. hxg3 Qf6 23. Qd1 Rf8 24. Ne3 Rf7 25. Qa1 Bd4 26. Qb1 b6 27. Qe4 Bb7
28. Rd3 c5 29. Nd5 Bxd5 30. Qxd5 Raf8 31. Kg2 Kg7 32. Rh1 Rd8 33. Qe4 Rdf8 34.
Rh4 Re7 35. Qf4 g5 36. Qxf6+ Rxf6 37. Rhxd4 cxd4 38. Rxd4 Rf5 39. e3 Ra5 40.
Rd5 Rxa2 41. Rxg5+ Kf6 42. Rd5 Rc7 43. Be2 Rb2 44. f4 a5 45. Kf3 a4 46. Rd6+
Ke7 47. Rh6 Kf8 48. d4 a3 49. Rh1 a2 50. Ra1 Ra7 51. Bd3 Rb3 52. Be4 Raa3 53.
f5 Rxe3+ 54. Kf4 Rxg3 55. c5 bxc5 56. dxc5 Rgc3 57. c6 Ra4 58. Ke5 Re3 59. c7
Rexe4+ 60. Kf6 Ra6+ 0-1

[Event "2nd SPI Open"]
[Site "?"]
[Date "2011.07.21"]
[Round "?"]
[White "Drenchev, Petar"]
[Black "Dobre, Claudiu Cristian"]
[Result "1-0"]
[WhiteElo "2523"]
[BlackElo "2353"]
[PlyCount "127"]
[EventDate "2011.??.??"]

1. e4 c6 2. d4 d5 3. Nc3 dxe4 4. Nxe4 Bf5 5. Ng3 Bg6 6. h4 h6 7. Nf3 Nd7 8. h5
Bh7 9. Bd3 Bxd3 10. Qxd3 Ngf6 11. Bf4 Qa5+ 12. Bd2 Qc7 13. O-O-O e6 14. Ne4 Be7
15. Kb1 O-O-O 16. g3 c5 17. Bf4 Qc6 18. Nxf6 Bxf6 19. Rhe1 c4 20. Qa3 a6 21.
Nd2 Bxd4 22. Ne4 Bc5 23. Qc3 e5 24. Bxe5 Nxe5 25. Qxe5 Rxd1+ 26. Rxd1 Bb4 27.
Qxg7 Re8 28. Qg4+ Kb8 29. f3 c3 30. Qf4+ Ka8 31. Qxf7 Re5 32. Qd7 Qxd7 33. Rxd7
Rxh5 34. a3 Ba5 35. b4 Bb6 36. Ka2 Rh3 37. Kb3 h5 38. Kxc3 Kb8 39. Rh7 Bc7 40.
Kd4 Bxg3 41. Nxg3 Rxg3 42. f4 Rxa3 43. Rxh5 Kc7 44. c3 Ra1 45. Rh7+ Kc6 46.
Rh6+ Kb5 47. c4+ Kxb4 48. Rb6+ Ka3 49. Rxb7 Rf1 50. Ke5 a5 51. c5 Rc1 52. Kd6
Rd1+ 53. Kc7 Rf1 54. c6 Rxf4 55. Kd6 Rd4+ 56. Kc5 Rd1 57. Rb5 a4 58. c7 Rc1+
59. Kb6 Rxc7 60. Kxc7 Ka2 61. Kb6 a3 62. Ka5 Ka1 63. Ka4 a2 64. Kb3 1-0

[Event "Arad Open 2011"]
[Site "Arad"]
[Date "2011.08.05"]
[Round "1.14"]
[White "Dobre, Claudiu Cristian"]
[Black "Terek, Gyula"]
[Result "1-0"]
[WhiteElo "2353"]
[BlackElo "1815"]
[PlyCount "61"]
[EventDate "2011.??.??"]

1. d4 d6 2. e4 Nf6 3. Nc3 g6 4. f3 c6 5. Be3 Bg7 6. Qd2 O-O 7. Nge2 Nbd7 8. g4
Qc7 9. Ng3 a6 10. h4 c5 11. d5 b5 12. h5 Ne5 13. Be2 b4 14. Nd1 Bd7 15. Bh6 c4
16. Bxg7 Kxg7 17. hxg6 fxg6 18. Qh6+ Kg8 19. g5 Nf7 20. Qh4 Nh5 21. Nxh5 gxh5
22. Qxh5 h6 23. Qg6+ Kh8 24. Rxh6+ Nxh6 25. Qxh6+ Kg8 26. g6 Rf7 27. gxf7+ Kxf7
28. Qh7+ Kf6 29. f4 c3 30. Bh5 Be8 31. Qh8# 1-0

[Event "Arad Open 2011"]
[Site "Arad"]
[Date "2011.08.05"]
[Round "2.14"]
[White "Gelip, Ioana"]
[Black "Dobre, Claudiu Cristian"]
[Result "0-1"]
[WhiteElo "1989"]
[BlackElo "2353"]
[PlyCount "90"]
[EventDate "2011.??.??"]

1. e4 c6 2. Nc3 d5 3. Nf3 Bg4 4. exd5 cxd5 5. h3 Bxf3 6. Qxf3 e6 7. Bb5+ Nc6 8.
d4 Nf6 9. O-O Be7 10. Bf4 Rc8 11. Ne2 Qb6 12. Bxc6+ Rxc6 13. c3 O-O 14. Rab1
Ne4 15. Ng3 Nxg3 16. Qxg3 Rfc8 17. Bd2 Qa6 18. a3 Qe2 19. Qe3 Qxe3 20. Bxe3 b5
21. Rfc1 a5 22. Bd2 Kf8 23. Kf1 Ke8 24. Ke2 Kd7 25. Kd3 Ra8 26. Ra1 Rcc8 27.
Ra2 h5 28. a4 b4 29. cxb4 Rxc1 30. Bxc1 Bxb4 31. Bd2 Bxd2 32. Kxd2 Rb8 33. Kc3
Rc8+ 34. Kd3 g5 35. b3 Rb8 36. Kc3 f6 37. Re2 Kd6 38. Re3 e5 39. Rd3 Rb4 40.
dxe5+ fxe5 41. Rg3 g4 42. Rd3 Rf4 43. hxg4 hxg4 44. f3 gxf3 45. gxf3 Kc5 0-1

[Event "Arad Open 2011"]
[Site "Arad"]
[Date "2011.08.05"]
[Round "6.12"]
[White "Bida, Mihai Eugen"]
[Black "Dobre, Claudiu Cristian"]
[Result "1/2-1/2"]
[WhiteElo "2109"]
[BlackElo "2353"]
[PlyCount "115"]
[EventDate "2011.??.??"]

1. e4 c6 2. d4 d5 3. e5 Bf5 4. Nf3 e6 5. Be2 Nd7 6. O-O Ne7 7. Nh4 Be4 8. Nd2
c5 9. c3 Nc6 10. Nhf3 Be7 11. Nxe4 dxe4 12. Ne1 Qb6 13. Nc2 Rd8 14. Be3 Ndxe5
15. Qb1 Nd3 16. b4 cxd4 17. Nxd4 Nxd4 18. Bxd4 Rxd4 19. cxd4 Qxd4 20. a3 O-O
21. Ra2 Rd8 22. Rd2 Qc3 23. Rfd1 Bg5 24. Rxd3 Rxd3 25. Rxd3 exd3 26. Qxd3 Qa1+
27. Bf1 $11 Bf6 28. Qf3 g6 29. Qxb7 Qxa3 30. b5 Bd4 31. Qf3 Qxf3 32. gxf3 g5
33. h3 Kg7 34. Bd3 h5 35. Be2 h4 36. Kg2 Kf6 37. Bd3 Ke5 38. Be4 Bb6 39. Bc6
Kd6 40. Be8 f6 41. Kf1 Kc5 42. Bd7 e5 43. Kg2 Kc4 44. Kf1 Kd3 45. Bf5+ Kc4 46.
Bd7 f5 47. Kg2 Bd8 48. Be8 Be7 49. Bd7 Kd5 50. Be8 Kc4 51. Bd7 Bc5 52. Kf1 Bd4
53. Kg2 Kd3 54. Bxf5+ Ke2 55. Bd7 Bxf2 56. Bc8 Bb6 57. Bd7 Bc5 58. Bc8 1/2-1/2

[Event "Arad Open 2011"]
[Site "Arad"]
[Date "2011.08.05"]
[Round "7.12"]
[White "Dobre, Claudiu Cristian"]
[Black "Costin, Petrica"]
[Result "1-0"]
[WhiteElo "2353"]
[BlackElo "2077"]
[PlyCount "49"]
[EventDate "2011.??.??"]

1. b3 e5 2. Bb2 Nc6 3. e3 Nf6 4. Bb5 d6 5. Ne2 Bd7 6. d4 Qe7 7. c4 a6 8. Bxc6
Bxc6 9. O-O g6 10. Nbc3 Bg7 11. Qd2 O-O 12. Rae1 Rad8 13. d5 Bd7 14. f4 Nh5 15.
Ng3 Qh4 16. Nce4 Rde8 17. fxe5 Nxg3 18. hxg3 Qe7 19. Nf6+ Bxf6 20. exf6 Qd8 21.
e4 Kh8 22. Qh6 Rg8 23. Kf2 Re5 24. Bxe5 dxe5 25. Qxh7+ 1-0

[Event "Arad Open A"]
[Site "?"]
[Date "2011.08.07"]
[Round "?"]
[White "Siclovan, Cristian-Daniel"]
[Black "Dobre, Claudiu Cristian"]
[Result "0-1"]
[WhiteElo "2116"]
[BlackElo "2353"]
[PlyCount "92"]
[EventDate "2011.??.??"]

1. e4 c6 2. d4 d5 3. Nc3 dxe4 4. Nxe4 Bf5 5. Ng3 Bg6 6. h4 h6 7. Nf3 Nd7 8. h5
Bh7 9. Bd3 Bxd3 10. Qxd3 Ngf6 11. Bf4 Qa5+ 12. Bd2 Qc7 13. O-O-O e6 14. c4
O-O-O 15. Bc3 Be7 16. Qe2 Rhe8 17. Ne5 Nxe5 18. dxe5 Nd7 19. f4 f6 20. b4 Nb6
21. a3 Rxd1+ 22. Rxd1 Rd8 23. Rxd8+ Qxd8 24. Kc2 a5 25. Kb3 axb4 26. axb4 Kc7
27. c5 Qd5+ 28. Kc2 Na4 29. Be1 Qa2+ 30. Kc1 Qa1+ 31. Kc2 Qb2+ 32. Kd3 Qb3+ 33.
Kd4 b6 34. cxb6+ Kxb6 35. Qd3 c5+ 36. Ke3 c4 37. Qxb3 cxb3 38. Kd3 b2 39. Kc2
Kb5 40. Nf1 Bxb4 41. Bxb4 Kxb4 42. Ne3 Kc5 43. g3 Kd4 44. Ng2 Ke4 45. Nh4 Nc3
46. Kxb2 Ne2 0-1

[Event "Romanian Championship Men"]
[Site "?"]
[Date "2011.02.12"]
[Round "?"]
[White "Dobre, Mihai"]
[Black "Dobre, Claudiu Cristian"]
[Result "0-1"]
[WhiteElo "1875"]
[BlackElo "2362"]
[PlyCount "120"]
[EventDate "2011.??.??"]

1. e4 c6 2. d4 d5 3. exd5 cxd5 4. Bd3 Nc6 5. c3 Nf6 6. h3 e5 7. dxe5 Nxe5 8.
Nf3 Nxd3+ 9. Qxd3 Bd6 10. O-O O-O 11. Bg5 h6 12. Bxf6 Qxf6 13. Qxd5 Rd8 14. Qh5
g6 15. Qxh6 Bf4 16. Qh4 g5 17. Qh5 Kg7 18. Nxg5 Qxg5 19. Qxg5+ Bxg5 20. f4 Be7
21. Re1 Bh4 22. Rf1 Be6 23. f5 Bc4 24. Rf4 Rd1+ 25. Kh2 Bd3 26. Rxh4 Bxf5 27.
Rb4 b6 28. Rf4 Rxb1 29. Rxb1 Bxb1 30. a3 Re8 31. Rf2 Re3 32. Rd2 Bd3 33. Kg1
Bc4 34. Kf2 Rd3 35. Re2 Rd1 36. Re4 Rd2+ 37. Ke1 Rxg2 38. Rxc4 Rxb2 39. Rc7 a5
40. Rc6 a4 41. Rc4 b5 42. Rb4 Rc2 43. Rxb5 Rxc3 44. Ra5 Rxa3 45. Kd2 Ra1 46. h4
a3 47. Kc2 f6 48. h5 a2 49. Kb2 Re1 50. Kxa2 Rg1 51. Rf5 Rg5 52. h6+ Kg6 53. h7
Rg2+ 54. Kb3 Rh2 55. Rf1 f5 56. Kc3 Rxh7 57. Rg1+ Kf6 58. Kd4 Rh3 59. Rg2 Rb3
60. Rg8 Ra3 0-1

[Event "CAMPIONATUL NATIONAL PE ECHIPE"]
[Site "CONSTANTA, COMPLEXUL CLEOPATR"]
[Date "2010.10.04"]
[Round "1.4"]
[White "Chima, Radu-Niculin"]
[Black "Dobre, Claudiu Cristian"]
[Result "1/2-1/2"]
[WhiteElo "1989"]
[BlackElo "2347"]
[PlyCount "122"]
[EventDate "2010.10.04"]

1. c4 c5 2. Nc3 Nc6 3. g3 g6 4. Bg2 Bg7 5. Nf3 d6 6. O-O e5 7. d3 Nge7 8. Bd2
O-O 9. Qc1 Nf5 10. Nd5 a5 11. Re1 Rb8 12. Bg5 f6 13. Bd2 Be6 14. Nc3 Qd7 15.
Rb1 Nfe7 16. Bh6 Bxh6 17. Qxh6 d5 18. cxd5 Nxd5 19. Qd2 Kg7 20. Rbc1 b6 21. b3
Rfd8 22. h4 h6 23. Red1 Ncb4 24. Ne4 Nc6 25. Qb2 Nd4 26. e3 Nxf3+ 27. Bxf3 Bg4
28. Qe2 Bxf3 29. Qxf3 f5 30. Nc3 Nb4 31. a3 Nc6 32. Kg2 Qe6 33. Rb1 Rd7 34. Qe2
Rbd8 35. f3 Qf6 36. Na4 Rb8 37. Rbc1 f4 38. Nc3 fxe3 39. Qxe3 Rbd8 40. Ne4 Qf7
41. Rc4 Qe6 42. h5 g5 43. g4 Rf8 44. Ng3 Nd4 45. Rf1 Rdf7 46. Qe4 Rf4 47. Qb7+
R8f7 48. Qa8 Qd7 49. b4 Rf8 50. Qa6 R4f6 51. bxc5 b5 52. Rxd4 exd4 53. Qxa5 Qc6
54. Ne4 Ra8 55. Qb4 Ra4 56. Qb2 Rf8 57. Rb1 Rb8 58. Re1 Re8 59. Rb1 Rb8 60. Re1
Re8 61. Rb1 Rb8 1/2-1/2

[Event "CAMPIONATUL NATIONAL PE ECHIPE"]
[Site "CONSTANTA, COMPLEXUL CLEOPATR"]
[Date "2010.10.05"]
[Round "3.5"]
[White "Dobre, Claudiu Cristian"]
[Black "Hajbok, Robert"]
[Result "1/2-1/2"]
[WhiteElo "2347"]
[BlackElo "2261"]
[PlyCount "22"]
[EventDate "2010.10.04"]

1. Nf3 c5 2. e4 d6 3. Bb5+ Bd7 4. Bxd7+ Qxd7 5. O-O Nc6 6. c4 g6 7. d4 cxd4 8.
Nxd4 Bg7 9. Be3 Nf6 10. f3 O-O 11. Nc3 Rfc8 1/2-1/2

[Event "CAMPIONATUL NATIONAL PE ECHIPE"]
[Site "CONSTANTA, COMPLEXUL CLEOPATR"]
[Date "2010.10.06"]
[Round "4.1"]
[White "Dobre, Claudiu Cristian"]
[Black "Voicu, Marian Romulus"]
[Result "1-0"]
[WhiteElo "2347"]
[BlackElo "2035"]
[PlyCount "67"]
[EventDate "2010.10.04"]

1. d4 d6 2. Nf3 Nf6 3. c4 Nbd7 4. Nc3 e5 5. g3 Be7 6. Bg2 O-O 7. O-O c6 8. Qc2
Re8 9. Rd1 Qc7 10. Rb1 a5 11. a3 Bf8 12. dxe5 dxe5 13. b4 axb4 14. axb4 h6 15.
Nd2 b6 16. Nb5 cxb5 17. Bxa8 Ba6 18. Bg2 bxc4 19. b5 Bb7 20. Qxc4 Nc5 21. Bxb7
Qxb7 22. Bb2 Nh7 23. Nf3 e4 24. Ne5 Ng5 25. Qd5 Qc8 26. Nd7 Nxd7 27. Qxd7 Qb8
28. Bd4 Ne6 29. Be3 Nc5 30. Qd5 Qc8 31. Qc6 f5 32. Qxb6 Ne6 33. Qc6 Qb8 34. Ba7
1-0

[Event "CAMPIONATUL NATIONAL PE ECHIPE"]
[Site "CONSTANTA, COMPLEXUL CLEOPATR"]
[Date "2010.10.08"]
[Round "7.4"]
[White "Dobre, Claudiu Cristian"]
[Black "Brosman, Alexandru"]
[Result "1-0"]
[WhiteElo "2347"]
[BlackElo "1953"]
[PlyCount "73"]
[EventDate "2010.10.04"]

1. d4 d5 2. c4 c6 3. Nc3 e6 4. cxd5 exd5 5. Bf4 Bd6 6. Bg3 Nf6 7. e3 Bf5 8.
Nge2 O-O 9. Qb3 b6 10. Rc1 Re8 11. h3 h6 12. Bxd6 Qxd6 13. Ng3 Bg6 14. Be2 Nbd7
15. O-O b5 16. Nb1 Bxb1 17. Rxb1 Ne4 18. Nxe4 Rxe4 19. Rbc1 Ree8 20. Rc3 Rab8
21. Rfc1 Rb6 22. Qc2 Nb8 23. Ra3 Re7 24. Qd2 g6 25. h4 Kg7 26. g3 Ra6 27. Rxa6
Nxa6 28. a4 Nc7 29. axb5 cxb5 30. Kg2 Qb6 31. Rc5 b4 32. Qc2 Rd7 33. Rc6 Qa5
34. h5 Ne8 35. hxg6 Rc7 36. gxf7 Rxf7 37. Bh5 1-0

[Event "CAMPIONATUL NATIONAL PE ECHIPE"]
[Site "CONSTANTA, COMPLEXUL CLEOPATR"]
[Date "2010.10.09"]
[Round "8.3"]
[White "Dobre, Claudiu Cristian"]
[Black "Fulop, Francisc"]
[Result "1-0"]
[WhiteElo "2347"]
[BlackElo "2099"]
[PlyCount "63"]
[EventDate "2010.10.04"]

1. d4 Nf6 2. Nf3 e6 3. Bg5 d5 4. e3 Be7 5. Nbd2 O-O 6. Bd3 Nbd7 7. c3 Re8 8.
O-O c6 9. Bc2 h6 10. Bh4 Nh5 11. Bxe7 Qxe7 12. Ne5 Nhf6 13. f4 Nf8 14. Qf3 N6d7
15. e4 Nxe5 16. fxe5 b6 17. Qe2 Bb7 18. Rf3 c5 19. Raf1 Rac8 20. exd5 exd5 21.
Rxf7 Qxf7 22. Rxf7 Kxf7 23. Qh5+ Kg8 24. Bf5 Rcd8 25. Nf1 cxd4 26. cxd4 Bc8 27.
Ne3 Bxf5 28. Nxf5 Ne6 29. Qg6 Rc8 30. h4 Kh8 31. Kh2 a5 32. Nd6 1-0

[Event "Baile Olanesti ROM, Men Ch 2010"]
[Site "Baile Olanesti ROM"]
[Date "2010.02.04"]
[Round "5"]
[White "Martian, Dragos Daniel"]
[Black "Dobre, Claudiu Cristian"]
[Result "0-1"]
[WhiteElo "1867"]
[BlackElo "2338"]
[PlyCount "118"]
[EventDate "2010.01.31"]
[EventType "swiss"]
[EventRounds "9"]
[EventCountry "ROM"]

1. e4 c6 2. d4 d5 3. e5 Bf5 4. Nf3 e6 5. Be2 Nd7 6. O-O Ne7 7. Bg5 h6 8. Be3
Bh7 9. Nbd2 Nf5 10. Bf4 Be7 11. Nb3 O-O 12. Bd3 c5 13. g4 Nxd4 14. Bxh7+ Kxh7
15. Nbxd4 cxd4 16. Nxd4 Qb6 17. Kh1 f6 18. Qd3+ Kh8 19. Bxh6 Nxe5 20. Qh3 gxh6
21. Nf5 Rf7 22. Nxe7 Rxe7 23. Qxh6+ Kg8 24. Qxf6 Qd6 25. Rae1 Nxg4 26. Qh4 Rg7
27. f3 Nxh2 28. Rg1 Nxf3 29. Rxg7+ Kxg7 30. Qg4+ Kf6 31. Qxf3+ Ke7 32. Re2 Rh8+
33. Kg1 Qb6+ 34. Rf2 Qxb2 35. Qf7+ Kd6 36. Kg2 Qd4 37. Qf3 Rg8+ 38. Kf1 Qb4 39.
Re2 Ke7 40. c3 Qb1+ 41. Re1 Qxa2 42. Re2 Qa1+ 43. Re1 Qa6+ 44. Qe2 Rf8+ 45. Kg2
Qxe2+ 46. Rxe2 Rf7 47. Kg3 Kd6 48. Kg4 e5 49. Rh2 e4 50. Rh6+ Kc5 51. Rh8 Kc4
52. Rc8+ Kb3 53. Rc5 e3 54. Rxd5 Re7 55. Rd1 Kc2 56. Ra1 e2 57. Rxa7 Rg7+ 58.
Kh3 e1=Q 59. Ra2+ Kd3 0-1